00599nam a2200145 a 450000100100000000500170001000800410002704000250006811000780009324500780017126000600024930000210030995201060033099900170043600003949520201002031659.0130703s2007 dr 000 0 spa d aDO-SdBNPbspacBNPHU1 aDirección General de AduanasbSecretaría de Estado de Hacienda96568110aReglamentos y estructura orgánica de la dirección general de aduanas. aSanto Domingo :bDirección General de Aduanas,c2007. a142 p. ;c23 cm. 00107-18PDaPDbPDcOId2013-07-03iLF1l0o p39495-10r2020-06-25w2020-06-25yLFPDZNo se presta c38985d38985